[Event "Krakow op-A 34th"]
[Site "Krakow"]
[Date "2024.01.02"]
[Round "6"]
[White "Balint, Peter1"]
[Black "Pacan Milej, Kosma"]
[Result "0-1"]
[WhiteElo "2187"]
[BlackElo "2425"]
[PlyCount "170"]
[EventDate "2023.12.27"]
[EventType "swiss"]
[EventRounds "9"]
[EventCountry "POL"]
[SourceTitle "CB02_2024"]
[SourceDate "2024.01.10"]
[SourceVersion "1"]
[SourceVersionDate "2024.01.10"]
[SourceQuality "1"]

1. e4 c6 2. Nf3 d5 3. exd5 cxd5 4. d4 Nc6 5. c3 Nf6 6. Ne5 e6 7. Bb5 Bd7 8. Nxd7 Qxd7 9. 0-0 Bd6 10. Nd2 Qc7 11. Nf3 0-0 12. Bd3 Rab8 13. a4 a6 14. Qe2 Rfe8 15. Bg5 Nd7 16. Rad1 h6 17. Bc1 Bf4 18. Bxf4 Qxf4 19. g3 Qf6 20. Kg2 e5 21. dxe5 Ncxe5 22. Nxe5 Rxe5 23. Qg4 Nc5 24. Qd4 Nxd3 25. Qxd3 Rbe8 26. Rd2 Qc6 27. Qd4 Rf5 28. b3 Re4 29. Qd3 Qe6 30. Rfd1 h5 31. h4 Qg6 32. c4 dxc4 33. Qxe4 Rxf2+ 34. Kxf2 Qxe4 35. bxc4 Qxc4 36. Rd4 Qc5 37. Kg2 b5 38. axb5 axb5 39. Rd8+ Kh7 40. R1d2 b4 41. Rf2 Qc6+ 42. Kh2 f6 43. Rdd2 b3 44. Rb2 Qd5 45. Rbe2 f5 46. Rd2 Qc5 47. Rde2 Qc4 48. Rd2 Qc3 49. Rde2 Qc4 50. Rd2 Qb4 51. Rb2 Qc3 52. Rbe2 g6 53. Re7+ Kh6 54. Ree2 Qd4 55. Rd2 Qf6 56. Rde2 Qd4 57. Rd2 Qc4 58. Rb2 Qc3 59. Rbe2 Qf6 60. Rd2 g5 61. hxg5+ Kxg5 62. Rde2 Qc3 63. Kg2 h4 64. gxh4+ Kg4 65. Kg1 Qc1+ 66. Kh2 Qc7+ 67. Kg1 f4 68. Rg2+ Kf5 69. Rgf2 Qc1+ 70. Kh2 Qc3 71. h5 Qg3+ 72. Kh1 Qh3+ 73. Kg1 Qxh5 74. Rd2 Qg4+ 75. Kf1 Qh3+ 76. Kg1 Qc3 77. Kh2 f3 78. Kg3 Ke4 79. Kh2 Ke3 80. Rb2 Kf4 81. Kg1 Qe3 82. Rbd2 Kg3 83. Kf1 b2 84. Rg2+ fxg2+ 85. Rxg2+ Kf4 0-1

[Event "POL-chT 1st League"]
[Site "Leba"]
[Date "2023.09.27"]
[Round "5.5"]
[White "Pacan Milej, Kosma"]
[Black "Piesik, Piotr"]
[Result "1-0"]
[WhiteElo "2412"]
[BlackElo "2426"]
[PlyCount "157"]
[EventDate "2023.09.23"]
[EventType "team-swiss"]
[EventRounds "9"]
[EventCountry "POL"]
[SourceTitle "EXT 2024"]
[Source "ChessBase"]
[SourceDate "2023.10.10"]
[SourceVersion "1"]
[SourceVersionDate "2023.10.10"]
[SourceQuality "1"]
[WhiteTeam "Opole Rodlo"]
[BlackTeam "Czestochowa Hetman"]
[WhiteTeamCountry "POL"]
[BlackTeamCountry "POL"]

1. d4 d5 2. c4 c6 3. Nc3 Nf6 4. e3 a6 5. a4 e6 6. Nf3 c5 7. Be2 Nc6 8. 0-0 dxc4 9. Bxc4 Be7 10. d5 Na5 11. b3 exd5 12. Bxd5 Nxd5 13. Nxd5 Be6 14. e4 0-0 15. Bf4 Bxd5 16. exd5 Bd6 17. Bd2 b5 18. Bxa5 Qxa5 19. axb5 Qxb5 20. Nd2 Be5 21. Rb1 Rad8 22. Nc4 Bd4 23. d6 Rfe8 24. Qf3 Re6 25. Qd5 Qb4 26. Qc6 Qb5 27. Qc7 Bf6 28. Rbe1 Qxb3 29. Rxe6 fxe6 30. Qxc5 Qb5 31. Qc7 h6 32. g3 Qd5 33. Ra1 Bxa1 34. Qxd8+ Kh7 35. Ne3 Qd3 36. d7 Bf6 37. Qe8 Qd6 38. h4 a5 39. h5 a4 40. Qg6+ Kh8 41. Qe8+ Kh7 42. Kh2 a3 43. Ng4 Bg5 44. f4 a2 45. Qg6+ Kh8 46. Qe8+ Kh7 47. fxg5 Qd2+ 48. Kh3 Qxg5 49. d8Q Qxd8 50. Qxd8 a1Q 51. Qd3+ Kh8 52. Qe4 Qf1+ 53. Kh2 Qf7 54. Qg6 Qd7 55. Ne5 Qd2+ 56. Kh3 Qc1 57. Qe8+ Kh7 58. Qg6+ Kh8 59. Qe4 Qf1+ 60. Kg4 Qd1+ 61. Nf3 Qd7 62. Qe5 Qa4+ 63. Nd4 Qd1+ 64. Ne2 Qd8 65. Nf4 Qd1+ 66. Qe2 Qd4 67. Qxe6 Qd1+ 68. Qe2 Qd7+ 69. Kh4 Qd8+ 70. Kh3 Qa8 71. Kh2 Qa4 72. Qd3 Qa2+ 73. Kh3 Qa8 74. Ng6+ Kg8 75. Qd5+ Kh7 76. Ne7 Qe8 77. Qe4+ Kh8 78. Ng6+ Kh7 79. Nf8+ 1-0

[Event "POL-chT 1st League"]
[Site "Leba"]
[Date "2023.09.24"]
[Round "2.7"]
[White "Pacan Milej, Kosma"]
[Black "Krzywda, Andrzej"]
[Result "1/2-1/2"]
[WhiteElo "2412"]
[BlackElo "2210"]
[PlyCount "83"]
[EventDate "2023.09.23"]
[EventType "team-swiss"]
[EventRounds "9"]
[EventCountry "POL"]
[SourceTitle "EXT 2024"]
[Source "ChessBase"]
[SourceDate "2023.10.10"]
[SourceVersion "1"]
[SourceVersionDate "2023.10.10"]
[SourceQuality "1"]
[WhiteTeam "Opole Rodlo"]
[BlackTeam "Chroscice Victoria"]
[WhiteTeamCountry "POL"]
[BlackTeamCountry "POL"]

1. d4 d5 2. c4 dxc4 3. Nf3 Nf6 4. e3 e6 5. Bxc4 c5 6. 0-0 Nc6 7. Qe2 a6 8. a4 cxd4 9. Rd1 Be7 10. exd4 0-0 11. Nc3 Nb4 12. Bg5 h6 13. Bxf6 Bxf6 14. Ne5 Bd7 15. d5 exd5 16. Nxd5 Nxd5 17. Rxd5 Bxe5 18. Qxe5 Qe8 19. Qxe8 Bxe8 20. a5 Bc6 21. Rd6 Rfd8 22. Rad1 Rxd6 23. Rxd6 Kf8 24. f3 Ke7 25. Rd4 Rc8 26. b3 Rc7 27. Kf2 Bd7 28. b4 Be6 29. Bd3 Rc8 30. Ke3 Rb8 31. f4 Bd7 32. g3 Bc6 33. f5 Kf6 34. Kf4 Rc8 35. h4 Ke7 36. Bc4 Rb8 37. Bd3 Rc8 38. g4 Rh8 39. Bc4 Rc8 40. Bd3 Rh8 41. Rc4 Kd6 42. Rd4+ 1/2-1/2

[Event "Speed Chess Q2 Sw"]
[Site "Chess.com INT"]
[Date "2023.08.23"]
[Round "2"]
[White "Morales Garcia, Sergio Joshafatt"]
[Black "Pacan Milej, Kosma"]
[Result "1-0"]
[WhiteElo "2221"]
[BlackElo "2412"]
[PlyCount "57"]
[EventDate "2023.08.23"]
[EventType "swiss (blitz)"]
[EventRounds "14"]
[EventCountry "USA"]
[SourceTitle "CBM 215 Extra"]
[Source "ChessBase"]
[SourceDate "2023.09.30"]
[SourceVersion "1"]
[SourceVersionDate "2023.09.30"]
[SourceQuality "1"]

1. d4 Nf6 2. c4 g6 3. Nc3 Bg7 4. e4 d6 5. Be2 0-0 6. Nf3 e5 7. Be3 Ng4 8. Bg5 f6 9. Bh4 Nc6 10. d5 Ne7 11. Nd2 Nh6 12. f3 g5 13. Bf2 f5 14. c5 g4 15. fxg4 Nxg4 16. Bxg4 fxg4 17. 0-0 Ng6 18. cxd6 cxd6 19. Nc4 Nf4 20. Nb5 Qg5 21. Nbxd6 b6 22. Nxc8 Raxc8 23. Nd6 Nh3+ 24. gxh3 gxh3+ 25. Bg3 Qe3+ 26. Kh1 Rxf1+ 27. Qxf1 Rc2 28. Qf7+ Kh8 29. Qe8+ 1-0

[Event "Speed Chess Q2 Sw"]
[Site "Chess.com INT"]
[Date "2023.08.23"]
[Round "3"]
[White "Pacan Milej, Kosma"]
[Black "Ovezdurdiyeva, Jemal"]
[Result "1-0"]
[WhiteElo "2412"]
[BlackElo "2057"]
[PlyCount "51"]
[EventDate "2023.08.23"]
[EventType "swiss (blitz)"]
[EventRounds "14"]
[EventCountry "USA"]
[SourceTitle "CBM 215 Extra"]
[Source "ChessBase"]
[SourceDate "2023.09.30"]
[SourceVersion "1"]
[SourceVersionDate "2023.09.30"]
[SourceQuality "1"]

1. d4 Nf6 2. c4 e6 3. Nc3 b6 4. e4 Bb7 5. Bd3 Bb4 6. f3 0-0 7. Nge2 d5 8. cxd5 exd5 9. e5 Nfd7 10. 0-0 c5 11. f4 cxd4 12. Nb5 Nc6 13. Kh1 Re8 14. Nbxd4 Nxd4 15. Nxd4 Nf8 16. Bb5 Re7 17. a3 Bc5 18. Nf5 Rc7 19. b4 Be7 20. Bb2 Bc8 21. Nxe7+ Rxe7 22. f5 g6 23. e6 gxf5 24. Qd4 f6 25. Qxf6 Rxe6 26. Qg7# 1-0

[Event "Warsaw Maciei Memorial"]
[Site "Warsaw"]
[Date "2023.07.10"]
[Round "5"]
[White "Kazakouski, Valery"]
[Black "Pacan Milej, Kosma"]
[Result "1-0"]
[WhiteElo "2539"]
[BlackElo "2402"]
[PlyCount "169"]
[EventDate "2023.07.10"]
[EventType "swiss (blitz)"]
[EventRounds "11"]
[EventCountry "POL"]
[SourceTitle "CBM 215 Extra"]
[Source "ChessBase"]
[SourceDate "2023.09.30"]
[SourceVersion "1"]
[SourceVersionDate "2023.09.30"]
[SourceQuality "1"]

1. Nf3 Nf6 2. c4 g6 3. g3 Bg7 4. d4 0-0 5. Bg2 d6 6. 0-0 c6 7. Nc3 Bf5 8. Ng5 h6 9. e4 Bg4 10. Nf3 Nfd7 11. Be3 c5 12. h3 Bxf3 13. Bxf3 Nc6 14. d5 Nd4 15. Bg2 a6 16. Qd2 Kh7 17. Ne2 Nxe2+ 18. Qxe2 b5 19. Rac1 bxc4 20. Rxc4 a5 21. Rc2 a4 22. h4 h5 23. Rb1 Ne5 24. f3 Qa5 25. Bd2 Qb6 26. Bc3 Rfb8 27. Kh2 Qa6 28. Bf1 Qxe2+ 29. Bxe2 Rb6 30. Re1 Rab8 31. Kh3 Nd7 32. Bxg7 Kxg7 33. Rb1 Rb4 34. Kg2 Ne5 35. Kf2 Rd4 36. Ke3 Rbb4 37. Rc3 e6 38. dxe6 fxe6 39. b3 axb3 40. axb3 Nc6 41. Ra1 Ne5 42. Ra6 Nf7 43. Ra7 Kf6 44. Ra6 Kg7 45. Bc4 d5 46. exd5 exd5 47. Be2 Rb7 48. Rxc5 Rdb4 49. Bd1 Re7+ 50. Kf2 Ne5 51. Rxd5 Rbb7 52. Raa5 Nc6 53. Rac5 Nb4 54. Rd2 Rbd7 55. Rxd7 Rxd7 56. Be2 Rd2 57. Rc7+ Kf6 58. Rb7 Nc2 59. Rb6+ Kg7 60. Re6 Nd4 61. Re4 Nxb3 62. Ke3 Ra2 63. Rc4 Ra3 64. Rc3 Kf6 65. Bd1 Na5 66. Rxa3 Nc4+ 67. Kd4 Nxa3 68. Ba4 Nb1 69. Bc2 Na3 70. Bd3 g5 71. Kd5 gxh4 72. gxh4 Kf7 73. Ke5 Kg7 74. Kf5 Kh6 75. f4 Kh7 76. Kg5+ Kg7 77. Kxh5 Kf6 78. Kg4 Kg7 79. h5 Kh6 80. Kh4 Kg7 81. Kg5 Kg8 82. f5 Kf7 83. f6 Kg8 84. Kg6 Kf8 85. f7 1-0

[Event "Warsaw Maciei Memorial"]
[Site "Warsaw"]
[Date "2023.07.10"]
[Round "8"]
[White "Pacan Milej, Kosma"]
[Black "Mulawa, Cyprian"]
[Result "1-0"]
[WhiteElo "2402"]
[BlackElo "2202"]
[PlyCount "47"]
[EventDate "2023.07.10"]
[EventType "swiss (blitz)"]
[EventRounds "11"]
[EventCountry "POL"]
[SourceTitle "CBM 215 Extra"]
[Source "ChessBase"]
[SourceDate "2023.09.30"]
[SourceVersion "1"]
[SourceVersionDate "2023.09.30"]
[SourceQuality "1"]

1. d4 d5 2. c4 c6 3. Nc3 Nf6 4. e3 e6 5. Nf3 Nbd7 6. Be2 Bd6 7. 0-0 0-0 8. b3 Qe7 9. Bb2 b6 10. a4 a5 11. Qc2 Bb7 12. Rfd1 Rfe8 13. Rac1 Rac8 14. h3 e5 15. dxe5 Nxe5 16. cxd5 cxd5 17. Qf5 Nxf3+ 18. Bxf3 Be5 19. Nxd5 Bxd5 20. Bxe5 Rxc1 21. Rxc1 Bxb3 22. Bxf6 Qxf6 23. Qb5 Qe6 24. Bg4 1-0

[Event "Titled Tuesday intern op 20th Jun Early"]
[Site "Chess.com INT"]
[Date "2023.06.20"]
[Round "2"]
[White "Pacan Milej, Kosma"]
[Black "Dwilewicz, Katarzyna"]
[Result "1-0"]
[WhiteElo "2402"]
[BlackElo "2134"]
[PlyCount "123"]
[EventDate "2023.06.20"]
[EventType "swiss (blitz)"]
[EventRounds "11"]
[EventCountry "USA"]
[SourceTitle "EXT 2024"]
[Source "ChessBase"]
[SourceDate "2023.10.10"]
[SourceVersion "1"]
[SourceVersionDate "2023.10.10"]
[SourceQuality "1"]

1. d4 d5 2. c4 dxc4 3. e3 Nf6 4. Bxc4 e6 5. Nf3 c5 6. 0-0 a6 7. b3 Nc6 8. Bb2 b5 9. Be2 Bb7 10. a4 b4 11. Nbd2 Be7 12. Nc4 0-0 13. Nfe5 Nxe5 14. Nxe5 Nd5 15. Bf3 f6 16. Nc4 Rc8 17. e4 Nf4 18. g3 Nh3+ 19. Kg2 Ng5 20. dxc5 Bxc5 21. h4 Nxf3 22. Qxf3 f5 23. Kh2 Bxe4 24. Qf4 Qc7 25. Be5 Qf7 26. Rad1 Rfd8 27. Qg5 Be7 28. Qf4 h6 29. Bd6 Bf6 30. Rd2 g5 31. Qe3 Kh7 32. Be5 gxh4 33. Bxf6 Qxf6 34. Nd6 hxg3+ 35. fxg3 Rxd6 36. Rxd6 Rc2+ 37. Rd2 Qb2 38. Rdf2 Rxf2+ 39. Qxf2 Qxb3 40. g4 Qd3 41. gxf5 Qd6+ 42. Kg1 exf5 43. Qa7+ Kg6 44. Qe3 Qf6 45. Kf2 Qh4+ 46. Ke2 Qh5+ 47. Kd2 Qh2+ 48. Rf2 Qd6+ 49. Ke1 Qd5 50. Rf1 Qc6 51. Rg1+ Kf7 52. Qb3+ Bd5 53. Qxb4 Qe6+ 54. Kf2 Qe4 55. Qxe4 Bxe4 56. a5 Bd3 57. Rd1 Bb5 58. Rd6 h5 59. Kf3 Bc4 60. Kf4 Be6 61. Rxa6 h4 62. Rxe6 1-0

[Event "Titled Tuesday intern op 23rd May Early"]
[Site "Chess.com INT"]
[Date "2023.05.23"]
[Round "1"]
[White "Pacan Milej, Kosma"]
[Black "Topalov, Aleksandar"]
[Result "1-0"]
[WhiteElo "2402"]
[BlackElo "2233"]
[PlyCount "75"]
[EventDate "2023.05.23"]
[EventType "swiss (blitz)"]
[EventRounds "11"]
[EventCountry "USA"]
[SourceTitle "CBM 214 Extra"]
[Source "ChessBase"]
[SourceDate "2023.07.31"]
[SourceVersion "1"]
[SourceVersionDate "2023.07.31"]
[SourceQuality "1"]

1. d4 Nf6 2. c4 c5 3. d5 d6 4. Nc3 g6 5. e4 Bg7 6. h3 0-0 7. Nf3 Na6 8. Bd3 Nc7 9. 0-0 e5 10. dxe6 Nxe6 11. Be3 Nd7 12. Qd2 Ne5 13. Nxe5 dxe5 14. Nd5 Nd4 15. f4 exf4 16. Bxf4 Be6 17. Bg5 f6 18. Bf4 Bxd5 19. exd5 Re8 20. Rae1 Qd7 21. Bg3 f5 22. Qf4 b6 23. Qc7 Qxc7 24. Bxc7 Kf7 25. b4 Rxe1 26. Rxe1 Re8 27. Rxe8 Kxe8 28. bxc5 bxc5 29. Bb8 a6 30. Kf2 Kd7 31. g4 fxg4 32. hxg4 Bf8 33. Be5 Bd6 34. Bg7 Ke7 35. Ke3 Bh2 36. Ke4 Kd6 37. Bf8+ Kd7 38. Bxc5 1-0

[Event "Titled Tuesday intern op 16th May Early"]
[Site "Chess.com INT"]
[Date "2023.05.16"]
[Round "5"]
[White "Boyer, Mahel"]
[Black "Pacan Milej, Kosma"]
[Result "0-1"]
[WhiteElo "2489"]
[BlackElo "2402"]
[PlyCount "60"]
[EventDate "2023.05.16"]
[EventType "swiss (blitz)"]
[EventRounds "11"]
[EventCountry "USA"]
[SourceTitle "CBM 214 Extra"]
[Source "ChessBase"]
[SourceDate "2023.07.31"]
[SourceVersion "1"]
[SourceVersionDate "2023.07.31"]
[SourceQuality "1"]

1. Nf3 Nf6 2. g3 g6 3. Bg2 Bg7 4. 0-0 0-0 5. d4 d6 6. a4 a5 7. b3 Nc6 8. Bb2 Qe8 9. Na3 e5 10. dxe5 Ng4 11. Nb5 Qd8 12. Qd2 Ngxe5 13. Nxe5 Nxe5 14. Rad1 Re8 15. c4 Qe7 16. Rfe1 Nc6 17. Bxg7 Kxg7 18. Qc3+ f6 19. Rd3 Bf5 20. Re3 Qd7 21. Rd1 Rxe3 22. Qxe3 Re8 23. Qd2 Re7 24. e3 Bg4 25. f3 Bh3 26. e4 Bxg2 27. Kxg2 f5 28. exf5 Qxf5 29. Qb2+ Qf6 30. Rd5 Qxb2+ 0-1

[Event "Titled Tuesday intern op 16th May Early"]
[Site "Chess.com INT"]
[Date "2023.05.16"]
[Round "10"]
[White "Sokolovsky, Yahli"]
[Black "Pacan Milej, Kosma"]
[Result "1-0"]
[WhiteElo "2461"]
[BlackElo "2402"]
[PlyCount "83"]
[EventDate "2023.05.16"]
[EventType "swiss (blitz)"]
[EventRounds "11"]
[EventCountry "USA"]
[SourceTitle "CBM 214 Extra"]
[Source "ChessBase"]
[SourceDate "2023.07.31"]
[SourceVersion "1"]
[SourceVersionDate "2023.07.31"]
[SourceQuality "1"]

1. b3 e5 2. Bb2 Nc6 3. e3 g6 4. Nf3 Bg7 5. b4 a6 6. c4 Nge7 7. b5 axb5 8. cxb5 Nb4 9. Bxe5 Bxe5 10. Nxe5 d6 11. Nxf7 Kxf7 12. Qb3+ Nbd5 13. e4 Re8 14. Bc4 Be6 15. exd5 Nxd5 16. 0-0 Nf4 17. Qf3 Qf6 18. Bxe6+ Rxe6 19. Nc3 Ne2+ 20. Nxe2 Qxf3 21. gxf3 Rxe2 22. Rfc1 c5 23. bxc6 bxc6 24. Rc2 Ra3 25. Kf1 Re5 26. Rxc6 Rxf3 27. Rc3 Rf4 28. a4 Ra5 29. Rca3 Ke6 30. f3 Kd5 31. Kf2 Kc5 32. Ke3 g5 33. Rg1 h6 34. Rg4 Kb4 35. Rd3 Re5+ 36. Kf2 Rxg4 37. fxg4 Kxa4 38. Rxd6 Re4 39. h3 Kb4 40. Rxh6 Kc4 41. Rh5 Re5 42. h4 1-0

[Event "Titled Tuesday intern op 07th Feb Early"]
[Site "Chess.com INT"]
[Date "2023.02.07"]
[Round "5"]
[White "Pacan Milej, Kosma"]
[Black "Marn, Jan"]
[Result "1-0"]
[WhiteElo "2402"]
[BlackElo "2359"]
[PlyCount "109"]
[EventDate "2023.02.07"]
[EventType "swiss (blitz)"]
[EventRounds "11"]
[EventCountry "USA"]
[SourceTitle "EXT 2024"]
[Source "ChessBase"]
[SourceDate "2023.10.10"]
[SourceVersion "1"]
[SourceVersionDate "2023.10.10"]
[SourceQuality "1"]

1. d4 d5 2. c4 c6 3. Nc3 dxc4 4. a4 e5 5. Nf3 exd4 6. Nxd4 c5 7. Ndb5 a6 8. Qxd8+ Kxd8 9. Na3 Be6 10. Bf4 Nc6 11. e3 Nb4 12. 0-0-0+ Nd3+ 13. Bxd3 cxd3 14. Rxd3+ Ke8 15. Rhd1 Be7 16. Ne4 Nf6 17. Nd6+ Bxd6 18. Bxd6 Ne4 19. Bg3 Ke7 20. Nb1 Rhd8 21. Rxd8 Rxd8 22. Rxd8 Kxd8 23. Nd2 Nxg3 24. hxg3 Kc7 25. Kc2 b5 26. axb5 axb5 27. Kc3 Kc6 28. b4 c4 29. Nf3 Bd7 30. Ne5+ Kd6 31. Nxf7+ Kd5 32. Ng5 h6 33. Nf3 g5 34. Nd2 h5 35. e4+ Ke5 36. f3 h4 37. Nf1 Bc6 38. gxh4 gxh4 39. Ne3 Kf4 40. Kd4 Kg3 41. Nf5+ Kxg2 42. Nxh4+ Kg3 43. Ng6 Be8 44. Ne5 Kf4 45. Ng4 Kxf3 46. Nf6 Bc6 47. e5 Ke2 48. Kc3 Ke3 49. e6 Kf4 50. e7 Ke5 51. e8Q+ Bxe8 52. Nxe8 Ke6 53. Nc7+ Kd6 54. Nxb5+ Kc6 55. Kxc4 1-0